Geography Quiz

Random Geography or State Quiz

Unique Counties of Arizona Quiz Stats

 Plays Quiz not verified by Sporcle

Challenge
Share
Tweet
Embed
Score 0/12 Timer 05:00
0 Plays Today
First Letter County % Correct
MMaricopa
98.6%
PPima
91.9%
PPinal
86.5%
AApache
81.1%
CCochise
77%
NNavajo
77%
YYavapai
77%
GGila
75.7%
MMohave
75.7%
CCoconino
73%
LLa Paz
71.6%
GGreenlee
70.3%

You're not logged in!

Compare scores with friends on all Sporcle quizzes.
Join for Free
OR
Log In

You Might Also Like...

Show Comments

Extras

Top Quizzes Today


Score Distribution

Your Account Isn't Verified!

In order to create a playlist on Sporcle, you need to verify the email address you used during registration. Go to your Sporcle Settings to finish the process.

Report this User

Report this user for behavior that violates our Community Guidelines.

Details: